000 00431nam a2200169Ia 4500
005 20250508155012.0
008 008 250505s9999 xx 000 0 hin d
037 _aTextual
040 _aFEDL
_beng
_cFEDL
041 _ahin
_2eng
084 _a491.43, TIW
_qFEDL
100 _aTiwari Bhola Nath
245 0 _aShabdon ka adhyayan
300 _a240p.
942 _cTEXL
_h491.43, TIW
999 _c1353360
_d1353360